000 00844nam a22002417a 4500
003 BPGM
008 260627s1989 mx d|||| s||| 001 | spa d
020 _aISBN 968-845-092-8
040 _bspa
041 _aSPA
_aSPA
_hSPA
082 0 4 _aCQ / 972.45
_bG37
100 _aMARTA EUGENIA GARCÌA UGARTE
_cMARTA EUGENIA GARCÌA UGARTE
242 _aLOS PEQUEÑOS NÒMADAS DE LA CIUDAD
245 _aLOS PEQUEÑOS NÒMADAS DE LA CIUDAD
260 _aMÈXICO
_bUniversidad Autónoma de Querétaro
_c1989
300 _a307
_c21 CM X 13.8 CM
336 _2rdacontent
_atexto
_btxt
337 _2rdamedia
_asin mediación
_bn
338 _2rdacarrier
_avolumen
_bnc
650 _aHISTORIA Y GEOGRAFIA
_vHISTORIA GENERAL DE AMERICA DEL NORTE
_xHISTORIA DE MESOAMERICA (AMERICA MEDIA)MEXICO
700 _aMARTA EUGENIA GARCÌA UGARTE
942 _2ddc
_cCOLQ
999 _c68692
_d68692